Magyar statisztikai zsebkönyv 1982

Saved in:
Bibliographic Details
Format: Book
Language:Hungarian
Published: Budapest Stasztikai kiadó vállalat 1983
Tags: Add Tag
No Tags, Be the first to tag this record!

MARC

LEADER 00000nam a2200000 4500
001 c130921
005 20221220085217.9
041 0 |a hun 
044 |a HU 
245 1 0 |a Magyar statisztikai zsebkönyv 1982 
264 1 |a Budapest  |b Stasztikai kiadó vállalat  |c 1983 
300 |a 237 s.